00546nam a2200205 u 45000010006000000050017000060080041000230350010000640350021000740400013000950410008001080820008001161000039001242450021001632600036001843000018002204900039002386500029002777000034003068223220260504075200.0960313s1913 fre  a82232 a(OCoLC)778220251 ccomduadb afre 4a84110aBeranger, Pierre Jean de4auteaut10aP.J. de Beranger aFrancia :bPlon Nourrit,c1913. a321 páginas0 aBibliotheque francaise. xix siecle aBeranger, Pierre Jean de10aStrowski, Sthephane4auteaut